| 000 | 01358nam a2200397 a 4500 | ||
|---|---|---|---|
| 001 | 15591 | ||
| 003 | BD-RjUL | ||
| 005 | 20211208235842.0 | ||
| 008 | 140210s1994 nyuax1 0 1 a0eng | ||
| 020 | _a0121821404 | ||
| 030 | _aMENZAU | ||
| 035 | _a(BD-RjUL)15646 | ||
| 040 |
_aDLC _cDLC _dNSD _dOCL _dTOM _dIUL _dIUL _dBD-RjUL _beng |
||
| 041 | _aeng | ||
| 082 | 0 |
_a538.362 _223 _bMET 1994 |
|
| 245 | 0 | 0 |
_aNuclear magnetic resonance / _cedited by Thomas L. James,Norman J. Oppenheimer. |
| 260 |
_aNew York : _bAcademic Press, _cc1994 |
||
| 300 |
_aXXIX, 813 p. ; _bill. ; _c23 cm. |
||
| 490 | 1 |
_aMethods in enzymology ; _v239. |
|
| 500 | _aPublished: San Diego, <1989->; by Elsvier Academic Press, <2003->. | ||
| 500 | _aLatest issue consulted: Vol. 320, published in 2000. | ||
| 504 | _aIncludes index. | ||
| 505 | 0 | _apart C | |
| 510 | 2 |
_aChemical abstracts _x0009-2258 |
|
| 580 | _aComplemented by: Methods (San Diego, Calif). | ||
| 580 | _aSelected issues also available on CD-ROM: Methods in enzymology on CD-ROM. | ||
| 650 |
_aNuclear magnetic resonance _9159518 |
||
| 650 |
_aProteins _9209415 |
||
| 650 |
_aEnzymes _9209416 |
||
| 700 | 1 |
_aJames, Thomas L. _948396 |
|
| 700 | 1 |
_aOppenheimer, Norman J. _948397 |
|
| 830 |
_aMethods in enzymology ; _v239. _9203714 |
||
| 942 |
_2ddc _cBK |
||
| 999 |
_c15591 _d15591 |
||